Strikes:how to avoid them : (Record no. 126905)

MARC details
000 -LEADER
fixed length control field 00810nam a22002297a 4500
005 - DATE AND TIME OF LATEST TRANSACTION
control field 20170124110016.0
010 ## - LIBRARY OF CONGRESS CONTROL NUMBER
LC control number A-897941
020 ## - INTERNATIONAL STANDARD BOOK NUMBER
Terms of availability 00.00
International Standard Book Number 8120719700
035 ## - SYSTEM CONTROL NUMBER
System control number A-897941
037 ## - SOURCE OF ACQUISITION
Source of stock number/acquisition Cen Lib/Ret
040 ## - CATALOGING SOURCE
Original cataloging agency DPL
Language of cataloging EN
082 ## - DEWEY DECIMAL CLASSIFICATION NUMBER
Classification number 331.892
Item number SHE
100 ## - MAIN ENTRY--PERSONAL NAME
Personal name Shenoy, P.D.
9 (RLIN) 18812
245 ## - TITLE STATEMENT
Title Strikes:how to avoid them :
Statement of responsibility, etc by P.D.Shenoy
Remainder of title resolution of industrial disputes through conciliation in India: an analysis of selected cases /
260 ## - PUBLICATION, DISTRIBUTION, ETC. (IMPRINT)
Place of publication, distribution, etc New Delhi
Name of publisher, distributor, etc Sterling Publishers
Date of publication, distribution, etc 1997
270 ## - ADDRESS
City New Delhi
Address L-10, Green Park Extension
Postal code 110016
300 ## - PHYSICAL DESCRIPTION
Extent vi,168p.
Dimensions 22cm(Hb)
500 ## - GENERAL NOTE
General note Includes bibliographical references and index
650 ## - SUBJECT ADDED ENTRY--TOPICAL TERM
Topical term or geographic name as entry element Arbitration, Industrial.
9 (RLIN) 14643
650 ## - SUBJECT ADDED ENTRY--TOPICAL TERM
Topical term or geographic name as entry element Strikes and lockouts.
9 (RLIN) 11050
942 ## - ADDED ENTRY ELEMENTS (KOHA)
Source of classification or shelving scheme Dewey Decimal Classification
Koha item type English Books
Classification part 331.892
Call number suffix SHE
Holdings
Withdrawn status Lost status Damaged status Not for loan Home library Current library Date acquired Source of acquisition Cost, normal purchase price Total Checkouts Full call number Barcode Date last seen Copy number Cost, replacement price Price effective from Koha item type
        Central Library Central Library 26/06/2015 Cen Lib/Ret 0.00   331.892 SHE A-897941 26/06/2015 1 0.00 26/06/2015 English Books

© Delhi Public Library
Hit Counter
free hit counter